Light for the world : (Record no. 131865)

MARC details
000 -LEADER
fixed length control field 00687nam a22002297a 4500
005 - DATE AND TIME OF LATEST TRANSACTION
control field 20170124110144.0
010 ## - LIBRARY OF CONGRESS CONTROL NUMBER
LC control number 749776
020 ## - INTERNATIONAL STANDARD BOOK NUMBER
Terms of availability 00.00
035 ## - SYSTEM CONTROL NUMBER
System control number 749776
037 ## - SOURCE OF ACQUISITION
Source of stock number/acquisition Cen Lib/Ret
040 ## - CATALOGING SOURCE
Original cataloging agency DPL
Language of cataloging EN
082 ## - DEWEY DECIMAL CLASSIFICATION NUMBER
Classification number 621.3
Item number SIL
100 ## - MAIN ENTRY--PERSONAL NAME
Personal name Silverberg, Robert
9 (RLIN) 33041
245 ## - TITLE STATEMENT
Title Light for the world :
Statement of responsibility, etc by Robert Silverberg
Remainder of title edison and the power industry /
260 ## - PUBLICATION, DISTRIBUTION, ETC. (IMPRINT)
Name of publisher, distributor, etc D. Van Nostrand
Place of publication, distribution, etc Princeton
Date of publication, distribution, etc 1967
270 ## - ADDRESS
City New Jersey
Address 120 Alexander St.
300 ## - PHYSICAL DESCRIPTION
Extent 281p.
Dimensions 20cm(Hb)
500 ## - GENERAL NOTE
General note Includes bibliographical references and index<br/>
650 ## - SUBJECT ADDED ENTRY--TOPICAL TERM
Topical term or geographic name as entry element Physics
9 (RLIN) 37189
650 ## - SUBJECT ADDED ENTRY--TOPICAL TERM
Topical term or geographic name as entry element General electric
9 (RLIN) 33044
942 ## - ADDED ENTRY ELEMENTS (KOHA)
Source of classification or shelving scheme Dewey Decimal Classification
Koha item type English Books
Classification part 621.3
Call number suffix SIL
Holdings
Withdrawn status Lost status Damaged status Not for loan Home library Current library Date acquired Source of acquisition Cost, normal purchase price Total Checkouts Full call number Barcode Date last seen Copy number Cost, replacement price Price effective from Koha item type Public note
Written off       Central Library Central Library 16/07/2015 Cen Lib/Ret 0.00   621.3 SIL 749776 16/07/2015 1 0.00 16/07/2015 English Books Written off on approval by DLB (By Circulation); dtd 15-06-2023

© Delhi Public Library
Hit Counter
free hit counter